| 000 | 00492nam a2200229Ia 4500 | ||
|---|---|---|---|
| 008 | 210210b1937 xxu||||| |||| 00| 0 eng d | ||
| 041 | _aeng | ||
| 082 | _a331/262 | ||
| 100 | _a_ | ||
| 245 | _aMonetary review: money and banking 1936-37 Vol 1 | ||
| 260 |
_aGeneva _b- _c1937 |
||
| 650 | _aVol | ||
| 650 | _areview: | ||
| 650 | _amoney | ||
| 650 | _aMonetary | ||
| 650 | _abanking | ||
| 650 | _aand | ||
| 650 | _a1936-37 | ||
| 650 | _a1 | ||
| 690 | _aBanking | ||
| 906 | _a004164 | ||
| 999 |
_c123223 _d123223 |
||